[Event "Montcalm V 2001-02"]
[Site "Quebec CAN"]
[Date "2002.01.24"]
[Round "1"]
[White "Bourassa, Andre"]
[Black "Dupuis, Claude"]
[Result "1-0"]
[WhiteElo "1653"]
[BlackElo "993"]
[PlyCount "45"]
[EventDate "2002.02.21"]
[EventType "swiss"]
[EventRounds "5"]
[EventCountry "CAN"]

1. d4 d5 2. c4 c6 3. Nf3 Nf6 4. Bg5 Bg4 5. Ne5 Ne4 6. Nxg4 Nxg5 7. cxd5 Qxd5 8.
Nc3 Qc4 9. e3 Qe6 10. Ne5 Nd7 11. Bc4 Qd6 12. Nxd7 Qxd7 13. Qb3 Ne6 14. Ne4 Qd8
15. Nc5 Nxc5 16. Bxf7+ Kd7 17. dxc5 Qa5+ 18. Ke2 Qxc5 19. Qxb7+ Kd6 20. Rhd1+
Ke5 21. Qd7 Qc2+ 22. Kf1 Qf5 23. Qd4# 1-0

[Event "Montcalm V 2001-02"]
[Site "Quebec CAN"]
[Date "2002.02.28"]
[Round "2"]
[White "Beaudoin, Stephane"]
[Black "Perreault, Jacquelin"]
[Result "1-0"]
[WhiteElo "2024"]
[BlackElo "1765"]
[PlyCount "65"]
[EventDate "2002.02.21"]
[EventType "swiss"]
[EventRounds "5"]
[EventCountry "CAN"]

1. e4 c5 2. Nf3 d6 3. d4 cxd4 4. Nxd4 Nf6 5. Nc3 a6 6. f3 e5 7. Nb3 Be6 8. Nd5
Nxd5 9. exd5 Bf5 10. Bd3 Bxd3 11. Qxd3 Nd7 12. O-O g6 13. f4 Bg7 14. f5 O-O 15.
Qg3 Qc7 16. c3 b5 17. Be3 Nb6 18. f6 Bh8 19. Rad1 Nc4 20. Bc1 a5 21. Na1 Qc5+
22. Kh1 Rfc8 23. Nc2 b4 24. b3 Na3 25. Bxa3 Qxc3 26. Qxc3 Rxc3 27. Nxb4 axb4
28. Bxb4 Rc2 29. Bxd6 Raxa2 30. Bxe5 Rxg2 31. d6 Rad2 32. Rxd2 Rxd2 33. Rc1 1-0

[Event "Montcalm V 2001-02"]
[Site "Quebec CAN"]
[Date "2002.02.28"]
[Round "2"]
[White "Bender, Karl"]
[Black "Auger, Bertrand"]
[Result "1-0"]
[WhiteElo "1689"]
[BlackElo "2043"]
[PlyCount "79"]
[EventDate "2002.02.21"]
[EventType "swiss"]
[EventRounds "5"]
[EventCountry "CAN"]

1. d4 e6 2. e4 d5 3. Nd2 Nf6 4. e5 Nfd7 5. Ngf3 c5 6. c3 Nc6 7. Bb5 Qb6 8. Bxc6
bxc6 9. Qb3 Qc7 10. O-O Be7 11. Re1 O-O 12. Nf1 a5 13. Qc2 h6 14. Ng3 Rb8 15.
Qd2 cxd4 16. cxd4 Bb4 17. Qe3 Bxe1 18. Nxe1 f5 19. Nh5 Rf7 20. Qg3 Kh8 21. Nf4
Nf8 22. Ned3 Qe7 23. Nc5 g5 24. Nh5 Nh7 25. Qa3 Qa7 26. Bd2 Rb5 27. Qc3 Rf8 28.
a4 Rb4 29. Nb3 Rxb3 30. Qxb3 Qxd4 31. Bxa5 Ba6 32. Bc3 Qd3 33. Qb6 Rf7 34. Qxc6
Nf8 35. Qe8 Kg8 36. Bb4 f4 37. Bxf8 Rxf8 38. Qxe6+ Kh8 39. Qxh6+ Qh7 40. Qxf8+
1-0

[Event "Montcalm V 2001-02"]
[Site "Quebec CAN"]
[Date "2002.02.28"]
[Round "2"]
[White "Fecteau, Martin"]
[Black "Michaud, Jacques"]
[Result "1-0"]
[WhiteElo "1945"]
[BlackElo "1496"]
[PlyCount "113"]
[EventDate "2002.02.21"]
[EventType "swiss"]
[EventRounds "5"]
[EventCountry "CAN"]

1. d4 Nf6 2. c4 g6 3. g3 Bg7 4. Bg2 d6 5. Nf3 Nc6 6. O-O O-O 7. d5 Na5 8. Qa4
c5 9. Bd2 b6 10. Qc2 Bf5 11. Qc1 Ne4 12. Be3 Nf6 13. Na3 a6 14. Bh6 Be4 15.
Bxg7 Kxg7 16. Bh3 Bxf3 17. exf3 h6 18. b3 g5 19. Qe3 Ra7 20. Rfe1 Kg8 21. Rac1
Nh5 22. Nb1 Ng7 23. f4 f6 24. Nd2 Qe8 25. Bg4 f5 26. Bd1 g4 27. f3 h5 28. fxg4
hxg4 29. Bc2 Qh5 30. Re2 Rf6 31. Rce1 Rh6 32. Nf1 Rc7 33. Qd3 Qf7 34. Re3 Rh7
35. R3e2 Rh5 36. Ne3 Nb7 37. Ng2 Nd8 38. Nh4 Qf6 39. Re3 Nf7 40. Qe2 Kf8 41.
Qf2 Nh8 42. Bd3 Ng6 43. Nxg6+ Qxg6 44. Qb2 Qf6 45. Qxf6+ exf6 46. Kg2 Kf7 47.
Bf1 Rh8 48. Bd3 Re8 49. h4 gxh3+ 50. Kxh3 Rd7 51. g4 fxg4+ 52. Kxg4 Ree7 53.
Bg6+ Kf8 54. Bf5 Rxe3 55. Rxe3 Nxf5 56. Kxf5 Kg7 57. Re6 1-0

[Event "Montcalm V 2001-02"]
[Site "Quebec CAN"]
[Date "2002.03.07"]
[Round "3"]
[White "Auger, Bertrand"]
[Black "Brisson, Christian"]
[Result "1-0"]
[WhiteElo "2043"]
[BlackElo "1425"]
[PlyCount "103"]
[EventDate "2002.02.21"]
[EventType "swiss"]
[EventRounds "5"]
[EventCountry "CAN"]

1. Nf3 d6 2. c4 e5 3. d3 f5 4. g3 Be7 5. Bg2 c6 6. O-O Bf6 7. Nc3 Na6 8. Qc2
Ne7 9. a3 Nc5 10. b4 Ne6 11. e3 O-O 12. Bb2 a6 13. Rac1 Ng6 14. Rfd1 Rf7 15.
Ne2 Rb8 16. Rd2 Bd7 17. e4 Ng5 18. Rf1 fxe4 19. dxe4 Nxf3+ 20. Bxf3 Bg5 21. Rd3
Qf8 22. Bg2 Bg4 23. f3 Be6 24. Bc1 Be7 25. f4 exf4 26. Nxf4 Nxf4 27. gxf4 b5
28. cxb5 cxb5 29. Rdd1 Rc8 30. Qb1 Bg4 31. Rd4 Bd8 32. Kh1 Bb6 33. Rd5 Be6 34.
Rg5 Bd8 35. Rg3 Bh4 36. Bh3 Bc4 37. Rc3 Re8 38. Rg1 Qe7 39. Bg2 Bf2 40. Rd1 Qf6
41. Qc2 Ba7 42. Rxc4 bxc4 43. Qxc4 a5 44. b5 Kh8 45. e5 dxe5 46. fxe5 Qg6 47.
Qc6 Rf5 48. b6 Qh5 49. Qxe8+ Qxe8 50. bxa7 Qg8 51. a8=Q Rxe5 52. Rd8 1-0

[Event "Montcalm V 2001-02"]
[Site "Quebec CAN"]
[Date "2002.03.07"]
[Round "3"]
[White "Lessard, Claude"]
[Black "Bourassa, Andre"]
[Result "1/2-1/2"]
[WhiteElo "1912"]
[BlackElo "1653"]
[PlyCount "109"]
[EventDate "2002.02.21"]
[EventType "swiss"]
[EventRounds "5"]
[EventCountry "CAN"]

1. e4 c5 2. Nf3 d6 3. Bb5+ Bd7 4. Bxd7+ Nxd7 5. O-O e6 6. b3 Ngf6 7. Qe2 Qc7 8.
Bb2 e5 9. d3 g6 10. Nbd2 Be7 11. a4 O-O 12. Nc4 Nh5 13. Bc1 f5 14. exf5 Rxf5
15. Ne3 Nf4 16. Qd1 Rf7 17. g3 Ne6 18. Ng4 Bf8 19. Ng5 Nxg5 20. Bxg5 Bg7 21.
Nh6+ Bxh6 22. Bxh6 Nf6 23. f4 Re8 24. f5 Qd7 25. fxg6 hxg6 26. Qe2 Kh7 27. Bg5
Ref8 28. c4 Ng8 29. Rxf7+ Rxf7 30. Rf1 Nh6 31. Rxf7+ Qxf7 32. Qg2 Nf5 33. Qf2
Kg7 34. Be3 Nd4 35. Bxd4 exd4 36. Qxf7+ Kxf7 37. Kf2 Kf6 38. Kf3 Kf5 39. h4 b6
40. g4+ Ke5 41. h5 gxh5 42. gxh5 Kf5 43. h6 Kg6 44. h7 Kxh7 45. Ke4 Kg6 46. Kd5
Kf5 47. Kc6 Kf4 48. Kb7 Ke3 49. Kxa7 Kxd3 50. Kxb6 Kc3 51. a5 d3 52. a6 d2 53.
a7 d1=Q 54. a8=Q Qxb3+ 55. Kc6 1/2-1/2

[Event "Montcalm V 2001-02"]
[Site "Quebec CAN"]
[Date "2002.03.07"]
[Round "3"]
[White "Saint Amand, Paul"]
[Black "Poinlane, Philippe"]
[Result "1-0"]
[WhiteElo "2196"]
[BlackElo "1810"]
[PlyCount "32"]
[EventDate "2002.02.21"]
[EventType "swiss"]
[EventRounds "5"]
[EventCountry "CAN"]

1. e4 e5 2. Nf3 Nc6 3. Bb5 a6 4. Ba4 Nf6 5. O-O b5 6. Bb3 Bb7 7. Re1 Bc5 8. c3
d6 9. d4 Bb6 10. Be3 O-O 11. Nbd2 Re8 12. d5 Ne7 13. Bxb6 cxb6 14. Bc2 Ng6 15.
Bd3 Bc8 16. b3 Bd7 1-0

[Event "Montcalm V 2001-02"]
[Site "Quebec CAN"]
[Date "2002.03.07"]
[Round "3"]
[White "Sauve, Richard"]
[Black "Beaudoin, Stephane"]
[Result "0-1"]
[WhiteElo "1986"]
[BlackElo "2039"]
[PlyCount "32"]
[EventDate "2002.02.21"]
[EventType "swiss"]
[EventRounds "5"]
[EventCountry "CAN"]

1. d4 g6 2. c4 Bg7 3. Nc3 d6 4. e4 Nd7 5. f4 Ngf6 6. e5 Ng8 7. Nf3 Nh6 8. e6
fxe6 9. Ng5 Nf6 10. Bd3 O-O 11. h4 e5 12. Nxh7 Nxh7 13. fxe5 dxe5 14. h5 Qxd4
15. Qc2 Bf5 16. Bxf5 gxf5 0-1

[Event "Montcalm V 2001-02"]
[Site "Quebec CAN"]
[Date "2002.03.14"]
[Round "4"]
[White "Beaudoin, Stephane"]
[Black "Saint Amand, Paul"]
[Result "0-1"]
[WhiteElo "2039"]
[BlackElo "2196"]
[PlyCount "68"]
[EventDate "2002.02.21"]
[EventType "swiss"]
[EventRounds "5"]
[EventCountry "CAN"]

1. e4 c5 2. Nf3 d6 3. d4 cxd4 4. Nxd4 Nf6 5. Nc3 a6 6. Be3 e5 7. Nb3 Be6 8. Qd2
Nbd7 9. f3 b5 10. g4 Nb6 11. g5 Nfd7 12. Nd5 Bxd5 13. exd5 h6 14. O-O-O hxg5
15. Na5 Rc8 16. Bxg5 Qc7 17. Bd3 Nc4 18. Bxc4 bxc4 19. Nc6 Nb8 20. Bd8 Rxd8 21.
Nxd8 Qxd8 22. f4 g6 23. Qb4 Bh6 24. Kb1 Bxf4 25. Qxc4 Kf8 26. h3 Kg7 27. Rd3
Qg5 28. Qc7 Qf5 29. a4 e4 30. Rb3 Nd7 31. Rf1 Nc5 32. Rb6 e3 33. b4 Rc8 34. Qe7
Ne4 0-1

[Event "Montcalm V 2001-02"]
[Site "Quebec CAN"]
[Date "2002.03.14"]
[Round "4"]
[White "Bourassa, Andre"]
[Black "Auger, Bertrand"]
[Result "0-1"]
[WhiteElo "1653"]
[BlackElo "2043"]
[PlyCount "69"]
[EventDate "2002.02.21"]
[EventType "swiss"]
[EventRounds "5"]
[EventCountry "CAN"]

1. d4 d5 2. c4 e6 3. Nc3 Be7 4. Nf3 Nf6 5. Bg5 O-O 6. e3 h6 7. Bh4 b6 8. cxd5
Nxd5 9. Bxe7 Qxe7 10. Qb3 Nxc3 11. Qxc3 Bb7 12. Be2 Rc8 13. O-O Nd7 14. Rfc1 c5
15. Qd2 Rd8 16. Rd1 Qf6 17. Rac1 Rac8 18. Rc3 e5 19. d5 e4 20. Ne1 Ne5 21. b4
Rxd5 22. Qc1 Rxd1 23. Bxd1 Rd8 24. bxc5 bxc5 25. Rxc5 Qd6 26. Bb3 Nd3 27. Nxd3
exd3 28. Rc4 d2 29. Qd1 Qg6 30. g3 Qd3 31. Rc7 Rd7 32. Rxd7 Qxd7 33. Qe2 Qc6
34. f4 Qh1+ 35. Kf2 0-1

[Event "Montcalm V 2001-02"]
[Site "Quebec CAN"]
[Date "2002.03.14"]
[Round "4"]
[White "Fecteau, Martin"]
[Black "Audet-Bouchard, Nicolas"]
[Result "0-1"]
[WhiteElo "1945"]
[BlackElo "1970"]
[PlyCount "78"]
[EventDate "2002.02.21"]
[EventType "swiss"]
[EventRounds "5"]
[EventCountry "CAN"]

1. d4 Nf6 2. Nf3 c5 3. c4 cxd4 4. Nxd4 Qc7 5. e3 e6 6. Nc3 Bb4 7. Bd2 a6 8. Ne4
Nxe4 9. Bxb4 Qb6 10. Qa4 Nc6 11. Nxc6 bxc6 12. Qa5 Qxa5 13. Bxa5 c5 14. f3 Nf6
15. Bc7 Ke7 16. O-O-O Ne8 17. Be5 d6 18. Bc3 a5 19. Bd3 Bb7 20. Rd2 f6 21. Rhd1
Ra6 22. a4 Bc6 23. b3 Bb7 24. e4 e5 25. g3 Nc7 26. f4 Ne6 27. fxe5 dxe5 28. Bc2
Nd4 29. Bxd4 exd4 30. Rf1 Re6 31. Rf5 Kd6 32. Rd5+ Bxd5 33. cxd5 Re5 34. Rf2
Rhe8 35. Rf4 f5 36. exf5 Re1+ 37. Bd1 R8e2 38. Rh4 d3 39. Rxh7 Rc2+ 0-1

[Event "Montcalm V 2001-02"]
[Site "Quebec CAN"]
[Date "2002.03.14"]
[Round "4"]
[White "Poinlane, Philippe"]
[Black "Lessard, Claude"]
[Result "1-0"]
[WhiteElo "1810"]
[BlackElo "1912"]
[PlyCount "77"]
[EventDate "2002.02.21"]
[EventType "swiss"]
[EventRounds "5"]
[EventCountry "CAN"]

1. e4 c5 2. Nc3 d6 3. d3 e5 4. Nf3 Nc6 5. Be2 Nge7 6. O-O h6 7. Re1 g5 8. Nd5
Nxd5 9. exd5 Ne7 10. c4 Ng6 11. Nd2 Bg7 12. Ne4 O-O 13. Bd2 f5 14. Ng3 Nf4 15.
Rb1 Nxe2+ 16. Qxe2 f4 17. Ne4 g4 18. f3 h5 19. b4 b6 20. bxc5 bxc5 21. Rb5 Rf7
22. Ba5 Qe7 23. Reb1 Bf8 24. Rb8 Rxb8 25. Rxb8 Bf5 26. Bd8 Qd7 27. Nf6+ Rxf6
28. Bxf6 Qh7 29. Rb3 Qg6 30. Bh4 gxf3 31. Qxf3 Bg4 32. Qe4 Bf5 33. Qe2 Bg4 34.
Qf2 Bf5 35. Rb8 Qh7 36. g3 Bxd3 37. gxf4 Qg7+ 38. Qg2 exf4 39. Be7 1-0

[Event "Montcalm V 2001-02"]
[Site "Quebec CAN"]
[Date "2002.03.21"]
[Round "5"]
[White "Auger, Bertrand"]
[Black "Poinlane, Philippe"]
[Result "1/2-1/2"]
[WhiteElo "2043"]
[BlackElo "1810"]
[PlyCount "72"]
[EventDate "2002.02.21"]
[EventType "swiss"]
[EventRounds "5"]
[EventCountry "CAN"]

1. Nf3 f5 2. b3 Nf6 3. g3 g6 4. Bg2 Bg7 5. Bb2 O-O 6. c4 d6 7. d4 c6 8. O-O Na6
9. Nbd2 Nc7 10. Qc2 Bd7 11. Rfe1 Rc8 12. Rad1 b5 13. e4 bxc4 14. bxc4 Rb8 15.
Bc3 fxe4 16. Nxe4 Qc8 17. Nfg5 Bf5 18. Qc1 d5 19. Nc5 h6 20. Nf3 Ne4 21. Nxe4
Bxe4 22. Qe3 Ne6 23. Ne5 Bxe5 24. dxe5 Bxg2 25. Kxg2 Ng5 26. f4 Qh3+ 27. Kg1
Ne4 28. cxd5 cxd5 29. Rxd5 Nxc3 30. Qxc3 Qf5 31. Rc5 Rb1 32. Qc4+ Kg7 33. Rxb1
Qxb1+ 34. Kg2 Qb7+ 35. Qd5 Qb2+ 36. Kh3 Qe2 1/2-1/2

[Event "Montcalm V 2001-02"]
[Site "Quebec CAN"]
[Date "2002.02.21"]
[Round "5"]
[White "Fortier, Bertrand"]
[Black "Bourassa, Andre"]
[Result "0-1"]
[WhiteElo "1450"]
[BlackElo "1653"]
[PlyCount "52"]
[EventDate "2002.02.21"]
[EventType "swiss"]
[EventRounds "5"]
[EventCountry "CAN"]

1. d4 d5 2. c4 c6 3. Nc3 Nf6 4. e3 Bf5 5. Nf3 e6 6. Be2 dxc4 7. Bxc4 Nd5 8. O-O
Bd6 9. Re1 Bg4 10. Be2 O-O 11. e4 Nf4 12. e5 Nxe2+ 13. Qxe2 Be7 14. Ne4 Bxf3
15. Qxf3 Qxd4 16. Qg3 Nd7 17. Bf4 Rfd8 18. Bg5 Bxg5 19. Nxg5 h6 20. Rad1 Qxb2
21. Nf3 Nb6 22. Qh4 Nd5 23. Rb1 Qxa2 24. Rxb7 Rab8 25. Nd4 Qa5 26. Reb1 Rxb7
0-1

[Event "Montcalm VI 2001-02"]
[Site "Quebec CAN"]
[Date "2002.03.28"]
[Round "1"]
[White "Auger, Bertrand"]
[Black "Beaudoin, Stephane"]
[Result "1-0"]
[WhiteElo "1977"]
[BlackElo "2050"]
[PlyCount "92"]
[EventDate "2002.03.28"]
[EventType "tourn"]
[EventRounds "5"]
[EventCountry "CAN"]

1. Nf3 g6 2. g3 Bg7 3. c4 e5 4. Nc3 c6 5. Bg2 Ne7 6. O-O O-O 7. d4 d6 8. dxe5
dxe5 9. Qc2 Qc7 10. Rd1 f5 11. c5 Nd7 12. Qb3+ Kh8 13. Qc4 h6 14. Qh4 Ng8 15.
Rd6 Rf6 16. Rxf6 Bxf6 17. Qc4 Nf8 18. e4 Be6 19. Qe2 Re8 20. b4 Qf7 21. Bb2 Bc4
22. Qe3 Qg7 23. Rd1 f4 24. Qe1 g5 25. Bf1 Be6 26. Nd2 fxg3 27. hxg3 g4 28. Nc4
Bxc4 29. Bxc4 Ng6 30. Rd6 h5 31. Qd1 Nf8 32. Qb3 Nh6 33. Ne2 Nh7 34. Qd3 Ng5
35. Nf4 Nh3+ 36. Nxh3 gxh3 37. Qf3 Ng4 38. Qf5 Bg5 39. f4 h2+ 40. Kh1 Bh6 41.
Qxh5 Nf2+ 42. Kxh2 Ng4+ 43. Kg1 Nf6 44. Rxf6 Qxf6 45. Qxe8+ Qf8 46. Bxe5+ Kh7
1-0

[Event "Montcalm VI 2001-02"]
[Site "Quebec CAN"]
[Date "2002.03.28"]
[Round "1"]
[White "Bourassa, Andre"]
[Black "Leroux, Alexis"]
[Result "1-0"]
[WhiteElo "1669"]
[BlackElo "1499"]
[PlyCount "57"]
[EventDate "2002.03.28"]
[EventType "tourn"]
[EventRounds "5"]
[EventCountry "CAN"]

1. d4 Nf6 2. c4 e6 3. Nc3 Bb4 4. Bg5 h6 5. Bxf6 Qxf6 6. e3 O-O 7. Nf3 d6 8. Rc1
e5 9. Be2 Bxc3+ 10. Rxc3 e4 11. Nd2 Qg6 12. g3 Bh3 13. Bh5 Qe6 14. Rg1 g6 15.
Be2 f5 16. g4 f4 17. exf4 Qf6 18. Rxh3 Qxf4 19. Rg2 Nc6 20. Nf1 Qf6 21. Qd2 g5
22. d5 Nd4 23. Ne3 Nf3+ 24. Bxf3 exf3 25. Rgg3 Rae8 26. Kf1 Re4 27. Qc2 Rfe8
28. Rxf3 Qd4 29. Rxh6 1-0

[Event "Montcalm VI 2001-02"]
[Site "Quebec CAN"]
[Date "2002.03.28"]
[Round "1"]
[White "Drolet, Stephane"]
[Black "Philippe, Denis"]
[Result "1/2-1/2"]
[WhiteElo "2038"]
[BlackElo "1999"]
[PlyCount "36"]
[EventDate "2002.03.28"]
[EventType "tourn"]
[EventRounds "5"]
[EventCountry "CAN"]

1. Nf3 d5 2. g3 Nf6 3. Bg2 Bg4 4. c4 c6 5. O-O e6 6. d3 Nbd7 7. Be3 Bd6 8. Qb3
Qc7 9. Nc3 dxc4 10. dxc4 Nc5 11. Qc2 Bf5 12. Qc1 a5 13. Rd1 Nfe4 14. Nd4 O-O
15. Nxf5 exf5 16. Nxe4 Nxe4 17. Qc2 Rfe8 18. Bd4 g6 1/2-1/2

[Event "Montcalm VI 2001-02"]
[Site "Quebec CAN"]
[Date "2002.03.28"]
[Round "1"]
[White "Girard, Robin"]
[Black "Angers, Gilles"]
[Result "1/2-1/2"]
[WhiteElo "2225"]
[BlackElo "1969"]
[PlyCount "51"]
[EventDate "2002.03.28"]
[EventType "tourn"]
[EventRounds "5"]
[EventCountry "CAN"]

1. e4 e6 2. d4 d5 3. Nc3 Nf6 4. e5 Nfd7 5. f4 c5 6. Nf3 Nc6 7. Be3 a6 8. Qd2
cxd4 9. Nxd4 Nxd4 10. Bxd4 Bc5 11. O-O-O O-O 12. h4 b5 13. Rh3 b4 14. Na4 Bxd4
15. Qxd4 Qa5 16. b3 Bb7 17. Kb1 Bc6 18. Nb2 Bb5 19. f5 Qc7 20. Qxb4 Bxf1 21.
Rxf1 Qxe5 22. Nd3 Qf6 23. Qd6 Rfd8 24. g4 Rac8 25. Rf2 Nc5 26. Qe5 1/2-1/2

[Event "Montcalm VI 2001-02"]
[Site "Quebec CAN"]
[Date "2002.04.04"]
[Round "2"]
[White "Beaudoin, Stephane"]
[Black "Girard, Robin"]
[Result "0-1"]
[WhiteElo "2225"]
[BlackElo "2041"]
[PlyCount "59"]
[EventDate "2002.03.28"]
[EventType "tourn"]
[EventRounds "5"]
[EventCountry "CAN"]

1. e4 c5 2. Nf3 d6 3. d4 cxd4 4. Nxd4 Nf6 5. Nc3 a6 6. Be3 e5 7. Nb3 Be6 8. Qd2
Nbd7 9. f3 b5 10. g4 Nb6 11. g5 Nfd7 12. Nd5 Bxd5 13. exd5 Qc7 14. O-O-O Rc8
15. Kb1 Be7 16. h4 Rb8 17. h5 O-O 18. g6 Nf6 19. Bxb6 Qxb6 20. h6 fxg6 21. hxg7
Rf7 22. Bh3 Rxg7 23. Be6+ Kh8 24. Na5 Rf8 25. Nc6 Nh5 26. Rh2 Nf4 27. Rdh1 Bg5
28. Qd1 Nxe6 29. dxe6 Qxc6 30. f4 0-1

[Event "Montcalm VI 2001-02"]
[Site "Quebec CAN"]
[Date "2002.04.04"]
[Round "2"]
[White "Denis, Philippe"]
[Black "Angers, Gilles"]
[Result "1/2-1/2"]
[WhiteElo "1999"]
[BlackElo "1971"]
[PlyCount "76"]
[EventDate "2002.03.28"]
[EventType "tourn"]
[EventRounds "5"]
[EventCountry "CAN"]

1. d4 Nf6 2. c4 c5 3. d5 b5 4. cxb5 a6 5. bxa6 g6 6. Nc3 Bxa6 7. f4 Bg7 8. Nf3
Qa5 9. Kf2 O-O 10. e4 d6 11. Bxa6 Nxa6 12. Re1 Rfb8 13. h3 Qb6 14. e5 Ne8 15.
Qe2 Nec7 16. g4 Nb4 17. Rd1 Qb7 18. Qe4 dxe5 19. fxe5 Nb5 20. Be3 Nxc3 21. bxc3
Nxa2 22. Qc2 Qb2 23. Qxb2 Rxb2+ 24. Rd2 Rxd2+ 25. Bxd2 Ra4 26. Ke2 f6 27. d6
exd6 28. exd6 Kf7 29. Be1 Ke6 30. Rd1 Kd7 31. Ke3 f5 32. gxf5 Ra3 33. fxg6 Nxc3
34. Bxc3 Rxc3+ 35. Ke4 hxg6 36. Rg1 Bd4 37. Rxg6 Re3+ 38. Kf4 Re6 1/2-1/2

[Event "Montcalm VI 2001-02"]
[Site "Quebec CAN"]
[Date "2002.04.04"]
[Round "2"]
[White "Drolet, Stephane"]
[Black "Auger, Bertrand"]
[Result "1/2-1/2"]
[WhiteElo "2038"]
[BlackElo "1977"]
[PlyCount "61"]
[EventDate "2002.03.28"]
[EventType "tourn"]
[EventRounds "5"]
[EventCountry "CAN"]

1. d4 d5 2. Nf3 e6 3. e3 Nf6 4. Bd3 b6 5. O-O Bd6 6. c4 O-O 7. Nc3 dxc4 8. Bxc4
Bb7 9. Qe2 Ne4 10. Bd3 Nxc3 11. bxc3 Nd7 12. e4 c5 13. Bb2 Rc8 14. Rad1 Qe7 15.
e5 Bb8 16. Nd2 f5 17. Ba3 Rfd8 18. Nb3 Qe8 19. Qe3 h6 20. Nd2 cxd4 21. cxd4 Rc3
22. Bb2 Rxd3 23. Qxd3 Nxe5 24. Qe2 Qc6 25. f3 Ng6 26. g3 Nf8 27. Qc4 Qxc4 28.
Nxc4 Rd5 29. Rc1 Kh7 30. a3 Kg8 31. Kf2 1/2-1/2

[Event "Montcalm VI 2001-02"]
[Site "Quebec CAN"]
[Date "2002.04.04"]
[Round "2"]
[White "Guimont, Claude"]
[Black "Bourassa, Andre"]
[Result "0-1"]
[WhiteElo "1545"]
[BlackElo "1669"]
[PlyCount "116"]
[EventDate "2002.03.28"]
[EventType "tourn"]
[EventRounds "5"]
[EventCountry "CAN"]

1. d4 d5 2. c4 c6 3. cxd5 cxd5 4. Nc3 Nc6 5. Nf3 e6 6. Bf4 a6 7. e3 Nf6 8. Bd3
Nb4 9. Bb1 Bd7 10. O-O Nh5 11. Bg3 Be7 12. a3 Nxg3 13. fxg3 Nc6 14. Qd3 g6 15.
Bc2 O-O 16. e4 dxe4 17. Nxe4 Na7 18. Qd2 Rc8 19. Qh6 f5 20. Neg5 Bxg5 21. Nxg5
Qe7 22. Bb3 Qg7 23. Qxg7+ Kxg7 24. Nxe6+ Bxe6 25. Bxe6 Rcd8 26. Rac1 Kf6 27.
Ba2 Rfe8 28. Rc7 Re7 29. Rxe7 Kxe7 30. Rd1 Kd6 31. Kf2 Re8 32. Re1 Rxe1 33.
Kxe1 Nb5 34. Bg8 h6 35. Bh7 g5 36. Bxf5 Nxd4 37. Be4 b6 38. Kd2 a5 39. Ke3 Ke5
40. Bg6 Nb5 41. Kf3 Nd6 42. b3 Kd4 43. Bc2 Kc3 44. Bd1 Nb5 45. b4 Nxa3 46. bxa5
bxa5 47. h4 Nc2 48. Kg4 Ne3+ 49. Kh5 Nxd1 50. Kxh6 gxh4 51. gxh4 a4 52. g4 Ne3
53. g5 Nd5 54. Kg6 Nf4+ 55. Kf5 a3 56. Kxf4 a2 57. g6 a1=Q 58. g7 Qg1 0-1

[Event "Montcalm VI 2001-02"]
[Site "Quebec CAN"]
[Date "2002.04.11"]
[Round "3"]
[White "Angers, Gilles"]
[Black "Beaudoin, Stephane"]
[Result "1-0"]
[WhiteElo "1971"]
[BlackElo "2050"]
[PlyCount "61"]
[EventDate "2002.03.28"]
[EventType "tourn"]
[EventRounds "5"]
[EventCountry "CAN"]

1. e4 e6 2. d4 c5 3. d5 exd5 4. exd5 d6 5. Nc3 Be7 6. Bb5+ Nd7 7. a4 Ngf6 8.
Nf3 O-O 9. O-O a6 10. Be2 Re8 11. Bf4 Nf8 12. h3 Ng6 13. Bg3 Bf8 14. Nd2 Ne7
15. Nf3 b6 16. Bh4 Nf5 17. Bg5 h6 18. Bf4 Ne4 19. Bd3 Nxc3 20. bxc3 Qf6 21. Qd2
g5 22. Bh2 Ne7 23. c4 Ng6 24. Rab1 Bxh3 25. Nxg5 hxg5 26. Bxg6 Qxg6 27. gxh3
Re4 28. Rxb6 Rae8 29. Rb3 Rxc4 30. Rg3 Qxc2 31. Qxg5+ 1-0

[Event "Montcalm VI 2001-02"]
[Site "Quebec CAN"]
[Date "2002.04.11"]
[Round "3"]
[White "Auger, Bertrand"]
[Black "Denis, Philippe"]
[Result "1-0"]
[WhiteElo "1977"]
[BlackElo "1999"]
[PlyCount "50"]
[EventDate "2002.03.28"]
[EventType "tourn"]
[EventRounds "5"]
[EventCountry "CAN"]

1. Nf3 d5 2. g3 Nf6 3. b3 Bg4 4. Bg2 e6 5. O-O Nbd7 6. Bb2 c6 7. d3 Bd6 8. c4
O-O 9. Nbd2 Qe7 10. h3 Bh5 11. Nd4 Bg6 12. Nc2 e5 13. e4 dxe4 14. dxe4 Nc5 15.
Qe2 Ne6 16. Rae1 Bh5 17. Qe3 Bc5 18. Qc3 Nd4 19. Nxd4 Bxd4 20. Qc1 Bc5 21. Nf3
Nd7 22. Nh4 f6 23. Nf5 Qd8 24. g4 Bf7 25. Rd1 Qb6 1-0

[Event "Montcalm VI 2001-02"]
[Site "Quebec CAN"]
[Date "2002.04.11"]
[Round "3"]
[White "Bourassa, Andre"]
[Black "Fillion, Nicolas"]
[Result "1-0"]
[WhiteElo "1669"]
[BlackElo "1501"]
[PlyCount "35"]
[EventDate "2002.03.28"]
[EventType "tourn"]
[EventRounds "5"]
[EventCountry "CAN"]

1. d4 Nf6 2. c4 c5 3. Nf3 e6 4. Bg5 b6 5. Nc3 Bb7 6. e3 Be7 7. Be2 O-O 8. Qc2
d5 9. Rd1 Nbd7 10. dxc5 bxc5 11. O-O Rc8 12. Bf4 Nb6 13. Ne5 Bd6 14. b3 Qc7 15.
Nb5 Qb8 16. Nxd6 Qxd6 17. Ng6 Qc6 18. Ne7+ 1-0

[Event "Montcalm VI 2001-02"]
[Site "Quebec CAN"]
[Date "2002.04.11"]
[Round "3"]
[White "Girard, Robin"]
[Black "Drolet, Stephane"]
[Result "1/2-1/2"]
[WhiteElo "2225"]
[BlackElo "2038"]
[PlyCount "21"]
[EventDate "2002.03.28"]
[EventType "tourn"]
[EventRounds "5"]
[EventCountry "CAN"]

1. e4 e6 2. d4 d5 3. Nc3 Nc6 4. Nf3 Nf6 5. e5 Ne4 6. Bd3 Bb4 7. Bd2 Nxd2 8.
Qxd2 f6 9. exf6 gxf6 10. Qh6 Qe7 11. O-O 1/2-1/2

[Event "Montcalm VI 2001-02"]
[Site "Quebec CAN"]
[Date "2002.04.18"]
[Round "4"]
[White "Auger, Bertrand"]
[Black "Girard, Robin"]
[Result "0-1"]
[WhiteElo "1977"]
[BlackElo "2225"]
[PlyCount "78"]
[EventDate "2002.03.28"]
[EventType "tourn"]
[EventRounds "5"]
[EventCountry "CAN"]

1. Nf3 g6 2. c4 Bg7 3. g3 d6 4. Bg2 e5 5. Nc3 Nc6 6. O-O Be6 7. d3 h6 8. Bd2
Nge7 9. a3 O-O 10. b4 Qd7 11. b5 Nd8 12. a4 Bh3 13. Qc1 Kh7 14. Ra2 Bxg2 15.
Kxg2 Ne6 16. Nd5 f5 17. e4 Rf7 18. Bc3 Raf8 19. Ne1 f4 20. f3 g5 21. g4 Ng6 22.
Kh1 Rh8 23. h3 Kg8 24. Rh2 h5 25. Rff2 c6 26. Nb4 Bf6 27. Nbc2 Nh4 28. Ng2 Nc5
29. Nce1 Nxg2 30. Rfxg2 Nxa4 31. bxc6 Qxc6 32. Bb4 hxg4 33. hxg4 Rxh2+ 34. Rxh2
Rh7 35. Rxh7 Kxh7 36. Qa3 Be7 37. Qa2 Kg7 38. Qa1 b5 39. c5 dxc5 0-1

[Event "Montcalm VI 2001-02"]
[Site "Quebec CAN"]
[Date "2002.04.18"]
[Round "4"]
[White "Cummins, Paul"]
[Black "Bourassa, Andre"]
[Result "1/2-1/2"]
[WhiteElo "1624"]
[BlackElo "1669"]
[PlyCount "38"]
[EventDate "2002.03.28"]
[EventType "tourn"]
[EventRounds "5"]
[EventCountry "CAN"]

1. e4 c5 2. Nf3 d6 3. d4 cxd4 4. Nxd4 Nf6 5. Nc3 e6 6. g3 Nc6 7. Bg2 Bd7 8. O-O
a6 9. Be3 Ne5 10. Nb3 Nc4 11. Bc1 Bc6 12. Nd4 d5 13. Nxc6 bxc6 14. b3 Bb4 15.
Nxd5 exd5 16. bxc4 dxe4 17. Qe2 O-O 18. Bb2 Re8 19. Rfd1 Qe7 1/2-1/2